| 000 | 00753nam a2200145Ia 4500 | ||
|---|---|---|---|
| 008 | 231221s9999 xx 000 0 und d | ||
| 041 | _aEnglish | ||
| 082 | _aCPEC15-1079 | ||
| 100 | _aNishanth, V A. Manikandan, J. | ||
| 245 | 0 | _aSar Image Compression Using Relevance Vector Machine | |
| 260 | _c2015 | ||
| 500 | _aSar Image Compression Using Relevance Vector Machines Nishanth VA and Manikandan J Department of Telecommunication, PES Institute of Technology, Bangalore Crucible of Research and Innovation (CORI), PES University, Bangalore Department of ECE, PES University, Bangalore Email: manikandanj@pes.edu 12th IEEE INDICON Conference, Delhi, pp.1-5, December 2015 | ||
| 650 | _aSar,Compression,Using,Relevance,Vector,Machine | ||
| 942 | _cIR | ||
| 999 |
_c233604 _d233604 |
||